Countries Closest To Australia In Population - Statistics

General Stats
  • This quiz has been taken 25 times
  • The average score is 11 of 20
Answer Stats
World Rank Population from Australia's Country % Correct
61 -6,000,000 Romania
83%
63 -6,000,000 Chile
67%
54 +0,300,000 North Korea
67%
50 +3,000,000 Venezuela
67%
45 +7,000,000 Malaysia
63%
46 +6,000,000 Mozambique
63%
64 -7,000,000 Kazakhstan
58%
51 +2,000,000 Madagascar
58%
57 -2,000,000 Taiwan
58%
65 -7,000,000 Zambia
58%
53 +1,000,000 Cote D'Ivoire
54%
47 +6,000,000 Ghana
54%
49 +4,000,000 Nepal
54%
56 -1,000,000 Niger
54%
60 -5,000,000 Mali
50%
52 +1,000,000 Cameroon
46%
58 -4,000,000 Sri Lanka
42%
62 -6,000,000 Malawi
38%
48 +4,000,000 Yemen
38%
59 -5,000,000 Burkina Faso
29%
No matching quizzes found
Score Distribution
Percent of People with Each Score
Percentile by Number Answered
Your Score History
You have not taken this quiz